000 00305nam a2200145Ia 4500
003 OSt
005 20240326102408.0
008 170523s9999 xx 000 0 und d
020 _a978-0130101303
040 _ciimtu meerut
100 _aSHARPE
245 0 _aINVESTMENT
260 _bPHI
942 _2ddc
_c02
999 _c1897
_d1897